Best Novels A-Z Quiz Stats

 Plays Quiz Updated Dec 24, 2011

Challenge
Share
Tweet
Embed
Score 0/23 Timer 07:00
0 Plays Today
Letter Novel % Correct
GGone With the Wind...
72.6%
CCatch-22...
62.7%
AAnimal Farm...
56.5%
TTo Kill a Mockingbird...
55.6%
LLolita...
51.8%
NNative Son...
43.8%
SThe Sun Also Rises...
39.9%
BBeloved...
36.6%
UUnder the Net...
33.8%
FThe Fountainhead...
33.6%
OOne Flew Over the Cuckoos Nest...
26.8%
HHeart of Darkness...
25%
Letter Novel % Correct
IInvisible Man...
20.3%
WWatership Down...
20.1%
PA Portrait of the Artist as a Young Man...
19.9%
MThe Maltese Falcon...
19.6%
VV.
14.8%
RRevolutionary Road...
13.2%
DDog Soldiers...
9.4%
EEnder's Game
6.1%
ZZen and the Art of Motorcycle Maintenance...
4.9%
KKim
3.3%
YYarrow
1.2%

You're not logged in!

Compare scores with friends on all Sporcle quizzes.
OR
Log In

You Might Also Like...

Show Comments

Extras

Top Quizzes Today


Score Distribution

Your Account Isn't Verified!

In order to create a playlist on Sporcle, you need to verify the email address you used during registration. Go to your Sporcle Settings to finish the process.

Report this User

Report this user for behavior that violates our Community Guidelines.

Details: